000 01707nam a2200277Ia 4500
999 _c50309
_d50309
001 17250
003 GE_BSU
005 20200207141640.0
008 181216s2015ge xx |||||||||||||| ||geo||
020 _a9789941462146
040 _cGE_BSU
041 _ageo
080 _a617+616-006 მ-94
245 _aმუცლის ღრუს ონკოლოგიური დაავადებების სასწრაფო-გადაუდებელი ქირურგია /
_cზურაბ ჩომახაშვილი ; ალექსანდრე ცალუღელაშვილი ; ნატო ზოსიძე ; რუსლნ ბოლქვაძე ; რედ . გივი ცეცხლაძე .
264 _aბათუმი :
_bშოთა რუსთაველის უნი-ტის გამ-ბა,
_c2015.
300 _a294 გვ.:
_bილ, ცხრ,
_c25 სმ.
653 _aმედიცინა
653 _aმუცლის ღრუს ონკოლოგიური დაავადებების სასწრაფო-გადაუდებელი ქირურგია.
653 _aონკოლოგიურ დაავადებათა დიაგნოსტიკა
700 _a ჩომახაშვილი, ზურაბ
_96881
700 _a ცალუღელაშვილი, ალექსანდრე
_96882
700 _aზოსიძე, ნატო
_96883
700 _aბოლქვაძე, რუსლნ
_96884
700 _aცეცხლაძე, გივი
_eრედაქტორი
_96885
942 _cBK
_2udc